Current Hawthorn Squad in 10 minutes - Statistics

General Stats
  • This quiz has been taken 2 times
  • The average score is 20 of 44
Answer Stats
Number Name Position % Correct
19 Jack Gunston Forward
100%
43 Jaime Uhr-Henry Ruck
100%
18 Mabior Chol Forward
100%
Coach Sam Mitchell Coach
100%
29 Aidan Schubert Forward
50%
42 Bailey Macdonald Defender
50%
15 Blake Hardwick Defender
50%
13 Calsher Dear Forward
50%
22 Cameron Nairn Forward
50%
28 Cam MacKenzie Midfielder
50%
9 Connor Macdonald Forward
50%
11 Conor Nash Midfielder
50%
8 Dylan Moore Forward
50%
39 Flynn Perez Defender
50%
1 Harry Morrison Midfielder
50%
44 Henry Hustwaite Midfielder
50%
34 Jack Dalton Forward
50%
14 Jack Scrimshaw Defender
50%
3 Jai Newcombe Midfielder
50%
36 James Blanck Defender
50%
6 James Sicily Defender
50%
4 Jarman Impey Defender
50%
23 Joah Weddle Defender
50%
24 Josh Battle Defender
50%
25 Josh Ward Midfielder
50%
10 Karl Amon Defender
50%
17 Lloyd Meek Ruck
50%
16 Massimo D'Ambrosio Midfielder
50%
41 Matt Hill Forward
50%
38 Max Ramsden Forward
50%
2 Mitch Lewis Forward
50%
7 Ned Reeves Ruck
50%
5 Nicholas Watson Forward
50%
35 Oliver Greeves Midfielder
50%
37 Tom Barrass Defender
50%
12 Will Day Midfielder
50%
26 Bodie Ryan Defender
0%
32 Cody Anderson Forward
0%
20 Finn Maginness Forward
0%
33 Jack Ginnivan Forward
0%
31 Matthew LeRay Midfielder
0%
21 Noah Mraz Defender
0%
30 Same Butler Forward
0%
27 William McCabe Forward
0%
No matching quizzes found
Score Distribution
Percent of People with Each Score
Percentile by Number Answered
Your Score History
You have not taken this quiz